Una alternativa para evaluar y diseñar servicios especializados de información documental /

Guardado en:
Autor Principal: Magaloni, Ana María
Formato: Libro
Publicado: México : Unam/centro Universitario de Investigaciones Bibliotecol¢gica, 1984
Materias:
Etiquetas: Agregar Etiqueta
Sin Etiquetas, Sea el primero en etiquetar este registro!
LEADER 00614nam a22001815a 4500
001 CEM.cems009281
005 20060214000000.0
008 130507s1984##################000#0#####d
003 CEMS
082 0 4 |a 025.5 
100 1 |a Magaloni, Ana María 
245 1 0 |a Una alternativa para evaluar y diseñar servicios especializados de información documental / 
260 |a México :  |b Unam/centro Universitario de Investigaciones Bibliotecol¢gica,  |c 1984 
300 |a 133 p. 
653 |a Bibliotecologia 
653 |a Documentacion 
653 |a Informacion-servicio 
859 |a CEMS  |b BIB. CEMS - 11 de abril  |h 025.5  |i M34  |p 18904.96  |t Ej.1